000 00837nam a22002055i 4500
001 160380
003 ES-MaACL
005 20251115063312.0
008 040923q18691878sp |||| | spa d
040 _aCAM
_bspa
_cCAM
100 1 _aSan Javier, José Muñoz y Gaviria,
_cVizconde de,
_dn. 1831
_9153514
245 1 3 _aEl invisible ó Los bandidos de Toledo
_b: novela original /
_cpor el Vizconde de San Javier.
260 _aMadrid :
_bUrbano Manini, editor,
_c[s.a.] (
_fImprenta de Diego Valero)
300 _a272 p. ;
_c18 cm.
594 _aEncabezamiento tomado de la BN.
596 _aUrbano Manini ejerce ca. 1869-1878.
740 4 1 _aLos bandidos de Toledo.
852 _aES-MaACL
_jG-10729(1)
_z-- Enc. hol.
_z-- Ex-libris ms. de Gustavo Saenz Diez, 1877
_q-- Falto de la cub. original
999 _c160380
_d160380